000 00335nam a2200145Ia 4500
008 230917s9999||||xx |||||||||||||| ||und||
040 _e48207
_aMAIN
041 _aEnglish
082 _a822.33 S15K
100 _aShakespeare, William
245 0 _aKing Henry viii
260 _aLondon
_bCassell
300 _axi, 126 p.
942 _cBK
999 _c45952
_d45952